|
|
|
|
| LEADER |
00000nam0a2200000 4500 |
| 001 |
117237 |
| 005 |
20231031123612.0 |
| 035 |
|
|
|a (RuTPU)RU\TPU\book\126898
|
| 090 |
|
|
|a 117237
|
| 100 |
|
|
|a 20070531d1969 k y0rusy50 ca
|
| 101 |
0 |
|
|a rus
|
| 102 |
|
|
|a BY
|
| 105 |
|
|
|a a z 001zy
|
| 200 |
1 |
|
|a Пластическая деформация и обработка металлов давлением
|f Академия наук Белорусской ССР (АН БССР), Физико-технический институт (ФТИ) ; под ред. В. П. Северденко
|
| 210 |
|
|
|a Минск
|c Наука и техника
|d 1969
|
| 215 |
|
|
|a 320 с.
|c ил.
|
| 320 |
|
|
|a Библиография в конце статей
|
| 610 |
1 |
|
|a металлы
|
| 610 |
1 |
|
|a пластическая деформация
|
| 610 |
1 |
|
|a обработка давлением
|
| 610 |
1 |
|
|a штамповка
|
| 610 |
1 |
|
|a осадок
|
| 610 |
1 |
|
|a теория
|
| 675 |
|
|
|a 621.77
|v 3
|
| 675 |
|
|
|a 539.37
|v 3
|
| 702 |
|
1 |
|a Северденко
|b В. П.
|g Василий Петрович
|4 340
|
| 712 |
0 |
2 |
|a Академия наук Белорусской ССР (АН БССР)
|b Физико-технический институт (ФТИ)
|c (Минск)
|2 stltpush
|3 (RuTPU)RU\TPU\col\12058
|
| 801 |
|
1 |
|a RU
|b 63413507
|c 20070531
|g PSBO
|
| 801 |
|
2 |
|a RU
|b 63413507
|c 20150227
|g PSBO
|
| 942 |
|
|
|c BK
|